Equipes finale Brésil - France Coupe du monde 1998 - Statistiques

Statistiques générales
  • Ce quiz a été pris 1 371 fois
  • Le résultat moyen est 21 sur 46
Statistiques - réponses
N Poste Joueurs % Correct
9 A Ronaldo
95%
10 M Zinédine Zidane
93%
16 G Fabien Barthez
90%
12 A Thierry Henry
83%
17 M Emmanuel Petit
82%
7 M Didier Deschamps
80%
5 D Laurent Blanc
79%
8 D Marcel Desailly
79%
6 D Roberto Carlos
79%
15 D Lilian Thuram
78%
3 D Bixente Lizarazu
76%
2 D Cafu
72%
20 A David Trezeguet
69%
10 A Rivaldo
69%
4 M Patrick Vieira
66%
6 M Youri Djorkaeff
64%
18 D Frank Lebœuf
62%
E Aimé Jacquet
60%
1 G Bernard Lama
57%
9 A Stéphane Guivarc'h
57%
21 A Christophe Dugarry
53%
19 M Christian Karembeu
52%
22 G Dida
50%
11 M Robert Pires
49%
1 G Cláudio Taffarel
38%
22 G Lionel Charbonnier
38%
2 D Vincent Candela
37%
20 A Bebeto
35%
8 M Dunga
33%
13 M Bernard Diomède
32%
14 M Alain Boghossian
31%
18 A Leonardo
26%
3 D Aldair
17%
8 M César Sampaio
17%
19 M / A Denilson
17%
E Mário Zagallo
16%
16 M Zé Roberto
13%
4 D Júnior Baiano
10%
21 A Edmundo
8%
11 M Emerson
8%
7 M Giovanni
3%
13 D Zé Carlos
3%
15 D André Cruz
2%
12 G Carlos Germano
2%
14 D Marcelo Gonçalves
2%
17 M Dorival Ghidoni Junior
1%
Aucun quiz correspondant
Distribution des résultats
% des personnes avec chaque résultat
Percentile par nombre de réponses
Votre historique - résultats
Vous n’avez pas pris ce quiz